[Event "Ïåðâåíñòâî Ìîñêâû ïî øàõìàòàì 2015 ñðåäè ìàëü÷èêîâ (Ì17)"]
[Site "Moscow"]
[Date "2015.11.18"]
[Round "7.7"]
[White "Àíòîíÿí, Ãðàíò"]
[Black "Âåðøèíèí, Èâàí"]
[Result "1/2-1/2"]
[WhiteElo "2005"]
[BlackElo "1707"]
[PlyCount "0"]
[EventDate "2015.11.12"]

1. e4 {[%clk 1:30:56]} e6 {[%clk 1:30:38]} 2. d4 {[%clk 1:31:25]} d5
{[%clk 1:31:01]} 3. Nc3 {[%clk 1:31:53]} Nf6 {[%clk 1:31:20]} 4. Bg5
{[%clk 1:32:18]} Be7 {[%clk 1:31:45]} 5. e5 {[%clk 1:32:45]} Nfd7
{[%clk 1:32:11]} 6. Bxe7 {[%clk 1:32:41]} Qxe7 {[%clk 1:32:36]} 7. f4
{[%clk 1:33:04]} O-O {[%clk 1:30:38]} 8. Nf3 {[%clk 1:32:10]} c5 {[%clk 1:24:29]}
9. dxc5 {[%clk 1:29:15]} Qxc5 {[%clk 1:23:50]} 10. Qd2 {[%clk 1:28:45]} Nc6
{[%clk 1:21:51]} 11. O-O-O {[%clk 1:23:45]} a6 {[%clk 1:19:47]} 12. g4
{[%clk 1:18:48]} b5 {[%clk 1:14:45]} 13. Ne2 {[%clk 1:05:36]} a5 {[%clk 0:55:33]}
14. Ned4 {[%clk 1:02:34]} b4 {[%clk 0:51:12]} 15. Nxc6 {[%clk 1:02:10]} Qxc6
{[%clk 0:51:36]} 16. Nd4 {[%clk 1:02:38]} Qb6 {[%clk 0:47:05]} 17. Bb5
{[%clk 0:53:11]} Nc5 {[%clk 0:40:15]} 18. f5 {[%clk 0:47:03]} Ne4
{[%clk 0:26:51]} 19. Qf4 {[%clk 0:32:29]} a4 {[%clk 0:15:35]} 20. f6
{[%clk 0:14:48]} b3 {[%clk 0:07:49]} 21. cxb3 {[%clk 0:09:05]} axb3
{[%clk 0:02:39]} 22. a3 {[%clk 0:09:17]} Qc5+ {[%clk 0:02:26]} 23. Kb1
{[%clk 0:09:07]} Rxa3 {[%clk 0:01:33]} 24. bxa3 {[%clk 0:07:35]} Qxa3
{[%clk 0:01:29]} 25. Nxb3 {[%clk 0:02:28]} Qxb3+ {[%clk 0:01:51]} 26. Kc1
{[%clk 0:01:51]} Qc3+ {[%clk 0:01:28]} 27. Kb1 {[%clk 0:02:14]} Qb4+
{[%clk 0:01:16]} 28. Kc1 {[%clk 0:01:56]} Qa3+ {[%clk 0:01:09]} 29. Kb1
{[%clk 0:01:20]} Qb4+ {[%clk 0:01:16]} 30. Kc1 {[%clk 0:01:44]} Qa3+
{[%clk 0:00:49]} 31. Kb1 {[%clk 0:02:06]} Qb3+ {[%clk 0:00:37]} 32. Kc1
{[%clk 0:02:25]} Qc3+ {[%clk 0:00:37]} 33. Kb1 {[%clk 0:02:22]} Qb4+
{[%clk 0:00:54]} 34. Rhe1 Qxb5+ 35. Rh1 Qb4+ 36. Kc1 Qb5 37. Rhe1 Ba6 38. Rxe4
Rc8+ 39. Kd2 Qd3+ 40. Ke1 Qb5 41. Kd2 dxe4 1/2-1/2

[Event "Ïåðâåíñòâî Ìîñêâû ïî øàõìàòàì 2015 ñðåäè ìàëü÷èêîâ (Ì17)"]
[Site "Moscow"]
[Date "2015.11.18"]
[Round "7.8"]
[White "Ëåâåíøòåéí, Ìàðê"]
[Black "Øåâåëåâ, Àëåêñàíäð"]
[Result "1-0"]
[WhiteElo "2110"]
[BlackElo "1496"]
[PlyCount "0"]
[EventDate "2015.11.12"]

1. b3 {[%clk 1:30:57]} d5 {[%clk 1:30:54]} 2. Bb2 {[%clk 1:31:24]} e6
{[%clk 1:31:08]} 3. Nf3 {[%clk 1:31:50]} Nf6 {[%clk 1:31:28]} 4. g3
{[%clk 1:32:09]} Be7 {[%clk 1:31:46]} 5. Bg2 {[%clk 1:32:36]} c5 {[%clk 1:32:08]}
6. O-O {[%clk 1:33:00]} Nc6 7. d3 {[%clk 1:32:32]} O-O {[%clk 1:32:43]} 8. Nbd2
{[%clk 1:32:48]} Qc7 {[%clk 1:32:56]} 9. e4 {[%clk 1:29:32]} d4 {[%clk 1:31:43]}
10. Ne1 {[%clk 1:27:08]} e5 {[%clk 1:30:44]} 11. h3 {[%clk 1:27:00]} b5
{[%clk 1:30:09]} 12. a4 {[%clk 1:27:17]} b4 {[%clk 1:25:16]} 13. f4
{[%clk 1:26:10]} exf4 {[%clk 1:25:33]} 14. gxf4 {[%clk 1:26:33]} g6
{[%clk 1:25:24]} 15. Nc4 {[%clk 1:13:21]} Be6 {[%clk 1:21:28]} 16. Bc1
{[%clk 1:11:52]} Nh5 {[%clk 1:19:47]} 17. Qf3 {[%clk 1:04:59]} Rad8
{[%clk 1:17:23]} 18. Bd2 {[%clk 0:49:32]} Bh4 {[%clk 0:50:04]} 19. Kh2
{[%clk 0:27:25]} Bg3+ {[%clk 0:44:38]} 20. Kh1 {[%clk 0:26:19]} Qd7
{[%clk 0:40:37]} 21. Rg1 {[%clk 0:24:50]} Bxh3 {[%clk 0:36:37]} 22. f5
{[%clk 0:25:18]} Bxg2+ {[%clk 0:36:37]} 23. Rxg2 {[%clk 0:25:37]} Ne5
{[%clk 0:34:01]} 24. Nxe5 {[%clk 0:25:40]} Qe7 {[%clk 0:32:11]} 25. Rxg3
{[%clk 0:23:45]} Qxe5 {[%clk 0:30:35]} 26. Rg2 {[%clk 0:22:44]} Kh8
{[%clk 0:30:12]} 27. Qf2 {[%clk 0:22:06]} gxf5 {[%clk 0:29:05]} 28. Qh4
{[%clk 0:18:11]} Ng7 {[%clk 0:28:04]} 29. Nf3 {[%clk 0:18:11]} Qe6
{[%clk 0:28:05]} 30. Rag1 {[%clk 0:17:45]} fxe4 {[%clk 0:25:46]} 31. Rxg7
{[%clk 0:17:58]} h6 {[%clk 0:26:10]} 32. Bxh6 {[%clk 0:18:11]} exf3
{[%clk 0:25:59]} 33. Rg8+ {[%clk 0:18:25]} Rxg8 {[%clk 0:26:18]} 34. Bg7# 1-0

[Event "Ïåðâåíñòâî Ìîñêâû ïî øàõìàòàì 2015 ñðåäè ìàëü÷èêîâ (Ì17)"]
[Site "Moscow"]
[Date "2015.11.18"]
[Round "7.9"]
[White "Êàðàñåíè, Èâàí"]
[Black "Êóçüìèí, Èâàí"]
[Result "0-1"]
[WhiteElo "1916"]
[BlackElo "1774"]
[PlyCount "0"]
[EventDate "2015.11.12"]

1. e4 {[%clk 1:27:06]} c6 {[%clk 1:30:51]} 2. d4 {[%clk 1:27:31]} d5
{[%clk 1:31:15]} 3. e5 {[%clk 1:27:58]} c5 {[%clk 1:31:38]} 4. dxc5
{[%clk 1:23:48]} Nc6 {[%clk 1:32:02]} 5. Nf3 {[%clk 1:23:45]} Bg4
{[%clk 1:28:47]} 6. Bb5 {[%clk 1:10:25]} e6 {[%clk 1:28:54]} 7. b4
{[%clk 1:06:48]} Nge7 {[%clk 1:21:57]} 8. h3 {[%clk 0:52:27]} Bxf3
{[%clk 1:21:49]} 9. Qxf3 {[%clk 0:52:55]} Ng6 {[%clk 1:21:11]} 10. Bb2
{[%clk 0:53:17]} Qg5 {[%clk 1:20:56]} 11. O-O {[%clk 0:47:12]} Ngxe5
{[%clk 1:19:35]} 12. Qe2 {[%clk 0:44:50]} Ng6 {[%clk 1:18:24]} 13. Bxc6+
{[%clk 0:33:47]} bxc6 {[%clk 1:18:44]} 14. Qa6 {[%clk 0:30:56]} Rb8
{[%clk 1:18:25]} 15. Qxc6+ {[%clk 0:30:29]} Kd8 {[%clk 1:18:48]} 16. g3
{[%clk 0:27:22]} Qf5 {[%clk 1:12:47]} 17. Kh2 {[%clk 0:22:41]} h5
{[%clk 0:56:48]} 18. Bd4 {[%clk 0:16:14]} h4 {[%clk 0:56:08]} 19. Rg1
{[%clk 0:16:36]} hxg3+ {[%clk 0:55:53]} 20. Rxg3 {[%clk 0:17:00]} Nf4
{[%clk 0:55:55]} 21. Nc3 {[%clk 0:16:00]} Rxh3+ {[%clk 0:55:45]} 22. Kg1
{[%clk 0:16:09]} Qh5 {[%clk 0:55:23]} 23. Kf1 {[%clk 0:12:51]} Rh1+
{[%clk 0:55:43]} 24. Rg1 {[%clk 0:13:18]} Rxg1+ {[%clk 0:55:50]} 25. Kxg1
{[%clk 0:13:38]} Qh3 {[%clk 0:56:00]} 0-1

[Event "Ïåðâåíñòâî Ìîñêâû ïî øàõìàòàì 2015 ñðåäè ìàëü÷èêîâ (Ì17)"]
[Site "Moscow"]
[Date "2015.11.18"]
[Round "7.10"]
[White "Ãåéâîíäÿí, Àðñåí"]
[Black "Òâåðäîõëåá, Àëåêñàíäð"]
[Result "1-0"]
[WhiteElo "1743"]
[BlackElo "1885"]
[PlyCount "0"]
[EventDate "2015.11.12"]

1. e4 {[%clk 1:24:16]} Nf6 {[%clk 1:16:27]} 2. Nc3 {[%clk 1:24:38]} d5
{[%clk 1:16:50]} 3. exd5 {[%clk 1:23:37]} Nxd5 {[%clk 1:17:10]} 4. Qf3
{[%clk 1:12:21]} Nb4 {[%clk 1:07:28]} 5. Bc4 {[%clk 1:07:49]} e6 {[%clk 1:07:29]}
6. Bb3 {[%clk 1:07:54]} N8c6 {[%clk 0:58:42]} 7. Nge2 {[%clk 1:07:19]} Na5
{[%clk 0:52:53]} 8. Ba4+ {[%clk 1:03:20]} Bd7 {[%clk 0:50:35]} 9. a3
{[%clk 1:03:30]} Nd5 {[%clk 0:47:22]} 10. Nxd5 {[%clk 1:01:16]} Bxa4
{[%clk 0:47:02]} 11. Qf4 {[%clk 1:01:23]} Qxd5 {[%clk 0:46:00]} 12. Qxa4+
{[%clk 1:01:47]} Nc6 {[%clk 0:46:21]} 13. O-O {[%clk 0:51:04]} Bd6
{[%clk 0:46:04]} 14. Qh4 {[%clk 0:41:13]} O-O {[%clk 0:34:45]} 15. d3
{[%clk 0:15:12]} Qe5 {[%clk 0:23:56]} 16. Ng3 {[%clk 0:14:47]} Qd4
{[%clk 0:17:20]} 17. Qg5 {[%clk 0:08:36]} Qc5 {[%clk 0:14:31]} 18. Qxc5
{[%clk 0:08:23]} Bxc5 {[%clk 0:15:00]} 19. Ne4 {[%clk 0:08:20]} Bb6
{[%clk 0:15:00]} 20. Be3 {[%clk 0:05:50]} Nd4 {[%clk 0:13:36]} 21. c3
{[%clk 0:04:04]} Nf5 {[%clk 0:10:32]} 22. Rfe1 {[%clk 0:03:12]} Rfd8
{[%clk 0:08:55]} 23. Bxb6 {[%clk 0:02:50]} axb6 {[%clk 0:09:23]} 24. d4
{[%clk 0:02:09]} Rd5 {[%clk 0:08:02]} 25. Ng3 {[%clk 0:01:59]} Nxg3
{[%clk 0:07:53]} 26. hxg3 {[%clk 0:02:21]} Rad8 {[%clk 0:07:54]} 27. Re4
{[%clk 0:01:47]} Kf8 {[%clk 0:07:12]} 28. Kf1 {[%clk 0:01:20]} Ke7
{[%clk 0:06:39]} 29. Rae1 {[%clk 0:00:45]} Kf6 {[%clk 0:04:42]} 30. Rf4+
{[%clk 0:00:55]} Rf5 {[%clk 0:04:53]} 31. Rxf5+ {[%clk 0:00:54]} Kxf5
{[%clk 0:05:22]} 32. f3 {[%clk 0:00:59]} Rd5 {[%clk 0:05:05]} 33. Kf2
{[%clk 0:01:12]} Kf6 {[%clk 0:03:01]} 34. Re2 {[%clk 0:01:14]} Ke7
{[%clk 0:03:15]} 35. Ke3 {[%clk 0:01:13]} Kd6 {[%clk 0:03:22]} 36. f4
{[%clk 0:00:56]} Kc6 {[%clk 0:02:17]} 37. g4 {[%clk 0:00:56]} Kd6
{[%clk 0:02:04]} 38. g3 {[%clk 0:01:14]} c5 {[%clk 0:01:59]} 39. g5
{[%clk 0:01:04]} cxd4+ {[%clk 0:01:58]} 40. cxd4 {[%clk 0:01:30]} h6
{[%clk 0:02:18]} 41. gxh6 {[%clk 0:01:49]} gxh6 {[%clk 0:02:47]} 42. g4
{[%clk 0:02:05]} Ke7 {[%clk 0:01:43]} 43. Rh2 {[%clk 0:02:18]} Rd6
{[%clk 0:01:39]} 44. Rxh6 {[%clk 0:02:34]} Rc6 {[%clk 0:01:53]} 45. Rh2
{[%clk 0:02:51]} Kd6 {[%clk 0:01:59]} 46. Rh7 {[%clk 0:02:38]} Rc7
{[%clk 0:01:31]} 47. g5 {[%clk 0:02:55]} b5 {[%clk 0:01:30]} 48. Kd3
{[%clk 0:02:29]} Rd7 {[%clk 0:01:01]} 49. Kc3 {[%clk 0:02:10]} Kc6
{[%clk 0:01:03]} 50. Kd3 {[%clk 0:01:53]} Kd6 {[%clk 0:01:16]} 51. Ke3
{[%clk 0:02:13]} Rc7 {[%clk 0:01:23]} 52. Kf3 {[%clk 0:02:30]} b6
{[%clk 0:01:23]} 53. Kg3 {[%clk 0:02:09]} Re7 {[%clk 0:01:31]} 54. Kh4
{[%clk 0:02:23]} Kd7 {[%clk 0:01:17]} 55. Kh5 {[%clk 0:02:35]} Kd6
{[%clk 0:01:04]} 56. Kh6 {[%clk 0:02:54]} Kd7 {[%clk 0:00:53]} 57. Kg7
{[%clk 0:02:38]} Ke8 {[%clk 0:00:59]} 58. Rh8+ {[%clk 0:02:58]} Kd7
{[%clk 0:01:23]} 59. Kf6 {[%clk 0:03:19]} Re8 {[%clk 0:01:36]} 60. Rh7
{[%clk 0:03:40]} Kd6 {[%clk 0:01:47]} 61. Rxf7 {[%clk 0:03:43]} Kd5
{[%clk 0:02:12]} 62. g6 {[%clk 0:04:04]} Kxd4 {[%clk 0:02:38]} 63. g7
{[%clk 0:04:26]} 1-0

[Event "Ïåðâåíñòâî Ìîñêâû ïî øàõìàòàì 2015 ñðåäè"]
[Site "Moscow"]
[Date "2015.11.18"]
[Round "7.11"]
[White "Èñàåâ, Íèêîëàé."]
[Black "Àõìåòîâ, Ãàçèç."]
[Result "1/2-1/2"]
[WhiteElo "1616"]
[BlackElo "1649"]
[PlyCount "86"]
[EventDate "2015.11.12"]

1. d4 d5 2. Nf3 Nf6 3. e3 e6 4. Bd3 Be7 5. Nbd2 O-O 6. O-O Nbd7 7. Ne5 c5 8. b3
Qc7 9. Bb2 b6 10. f4 Bb7 11. Rf3 Ne4 12. Rh3 f5 13. Nxd7 Qxd7 14. Nf3 Bf6 15.
Ne5 Bxe5 16. fxe5 Rf7 17. Rf3 Raf8 18. Bxe4 dxe4 19. Rf2 Rd8 20. Qe2 cxd4 21.
Bxd4 f4 22. Rd1 f3 23. Qf1 Rf5 24. Rfd2 Rff8 25. Bc5 Qxd2 26. Rxd2 Rxd2 27.
Bxf8 f2+ 28. Kh1 Kxf8 29. g3 Rxc2 30. Kg2 Rxa2 31. Qd1 Bd5 32. Qb1 Re2 33. Qf1
Rb2 34. Qc1 Ra2 35. Qb1 Re2 36. Qf1 Rc2 37. Qd1 Ra2 38. Qb1 Re2 39. Qf1 Rc2 40.
Qd1 Ra2 41. Qb1 Re2 42. Qf1 Rc2 43. Qd1 Ra2 1/2-1/2

[Event "Ïåðâåíñòâî Ìîñêâû ïî øàõìàòàì 2015 ñðåäè"]
[Site "Moscow"]
[Date "2015.11.18"]
[Round "7.12"]
[White "Ôèíêåëüøòåéí, Àëåêñàíäð."]
[Black "Âîéíèêîíèñ, Íèêèòà."]
[Result "0-1"]
[WhiteElo "1616"]
[BlackElo "1874"]
[PlyCount "122"]
[EventDate "2015.11.12"]

1. d4 d5 2. c4 e6 3. Nf3 Nf6 4. Bg5 Be7 5. e3 O-O 6. Bd3 Ne4 7. Bxe7 Qxe7 8.
O-O Nd7 9. cxd5 exd5 10. Nc3 c6 11. Qc2 Re8 12. Rab1 a5 13. a3 Ndf6 14. h3 Bf5
15. Nd2 Nxd2 16. Qxd2 Ne4 17. Qc2 Qg5 18. Kh2 Re6 19. Nxe4 dxe4 20. Bc4 Rg6 21.
Rg1 Qh4 22. Bf1 Qe7 23. b4 axb4 24. axb4 Qd6+ 25. Kh1 b5 26. Qc5 Qxc5 27. bxc5
Ra2 28. d5 Kf8 29. dxc6 Rxc6 30. g4 Be6 31. Bxb5 Rxc5 32. Kg2 f6 33. Kg3 h5 34.
Rgc1 Rxc1 35. Rxc1 hxg4 36. hxg4 Ra5 37. Be2 g5 38. Bd1 Ke7 39. Rb1 Kd6 40.
Rb6+ Ke5 41. Be2 Ra1 42. Rb5+ Kd6 43. Rb6+ Kd7 44. Kg2 Re1 45. Bb5+ Ke7 46.
Rb7+ Kd6 47. Rb6+ Ke5 48. f4+ exf3+ 49. Kxf3 Rb1 50. Rb8 Bd7 51. Bxd7 Rxb8 52.
Bf5 Kd5 53. Bg6 Rb4 54. Bh7 Rb8 55. Bg6 Rh8 56. Bf7+ Ke5 57. Bc4 Rh3+ 58. Kf2
Ke4 59. Ba6 Rxe3 60. Bb7+ Kf4 61. Bc8 Rg3 0-1

[Event "Ïåðâåíñòâî Ìîñêâû ïî øàõìàòàì 2015 ñðåäè"]
[Site "Moscow"]
[Date "2015.11.18"]
[Round "7.13"]
[White "Àáäóëëàåâ, Ýëü÷èí."]
[Black "Ìèíàøêèí, Èãîðü."]
[Result "0-1"]
[WhiteElo "1731"]
[BlackElo "1556"]
[PlyCount "80"]
[EventDate "2015.11.12"]

1. e4 e5 2. Nf3 Nc6 3. Nc3 Nf6 4. d4 exd4 5. Nxd4 Bb4 6. Nxc6 bxc6 7. Bd3 O-O
8. O-O h6 9. Bf4 d6 10. h3 Re8 11. e5 Bxc3 12. bxc3 Nd5 13. Bg3 dxe5 14. Qf3
Qf6 15. Qxf6 gxf6 16. c4 Nb6 17. Be4 Bb7 18. c5 Na4 19. Bf5 Nxc5 20. f3 Red8
21. Rfd1 Ne6 22. Bh4 Kg7 23. Rxd8 Rxd8 24. Rb1 Ba6 25. Rb4 Rd1+ 26. Kh2 Nd4 27.
Bd7 Rd2 28. Kh1 Bf1 29. Kg1 Bxg2 30. Bxc6 Rxc2 31. Be4 Rxa2 32. Rc4 a5 33. Rxc7
Bxf3 34. Bd3 Ra1+ 35. Kf2 a4 36. Ra7 Bd5 37. Ra6 Be6 38. Bc4 Bxc4 39. Bxf6+ Kh7
40. Ra7 Rf1+ 0-1

[Event "Ïåðâåíñòâî Ìîñêâû ïî øàõìàòàì 2015 ñðåäè"]
[Site "Moscow"]
[Date "2015.11.18"]
[Round "7.14"]
[White "Ðîìàøèí, Äåíèñ."]
[Black "Ñèíÿâèí, Ðîìàí."]
[Result "1-0"]
[WhiteElo "1820"]
[BlackElo "1625"]
[PlyCount "119"]
[EventDate "2015.11.12"]

1. e4 c6 2. d4 d5 3. e5 Bf5 4. Bd3 Bxd3 5. Qxd3 e6 6. Nf3 Nd7 7. Be3 Qc7 8.
Nbd2 c5 9. c3 Ne7 10. O-O Nf5 11. Rac1 c4 12. Qc2 Be7 13. Bg5 Bxg5 14. Nxg5 h6
15. Nh3 Qd8 16. f4 Ne3 17. Qb1 Nxf1 18. Rxf1 g6 19. Nf3 Qe7 20. g4 h5 21. Nf2
O-O-O 22. Ng5 hxg4 23. Nxg4 Rh4 24. Qd1 f5 25. exf6 Nxf6 26. Ne5 Rg8 27. Qc2
Qe8 28. Qe2 Nh7 29. Nxh7 Rxh7 30. Qg4 Re7 31. Rf2 Reg7 32. h4 Qe7 33. Kf1 Qf6
34. Kg2 Qf5 35. Kg3 Kc7 36. Nf3 Kd6 37. Qxf5 exf5 38. Ne5 b5 39. a3 a5 40. Rf1
Rb8 41. Kf3 b4 42. axb4 axb4 43. Ra1 bxc3 44. bxc3 Rb6 45. Ke3 Ke6 46. Rg1 Kf6
47. Ra1 Rh7 48. Rg1 Rh6 49. Nd7+ Kf7 50. Nxb6 Rxh4 51. Nxd5 Rh3+ 52. Kd2 Rd3+
53. Kc2 Rf3 54. Re1 Rf2+ 55. Kb1 Rf3 56. Re7+ Kf8 57. Rc7 Rf1+ 58. Kb2 Rf2+ 59.
Ka3 Rf1 60. Rxc4 1-0

[Event "Ïåðâåíñòâî Ìîñêâû ïî øàõìàòàì 2015 ñðåäè"]
[Site "Moscow"]
[Date "2015.11.18"]
[Round "7.15"]
[White "Ìõèòàðÿí, Àðñåí."]
[Black "Õóäÿêîâ, Ñòàíèñëàâ."]
[Result "0-1"]
[WhiteElo "1776"]
[BlackElo "1750"]
[PlyCount "82"]
[EventDate "2015.11.12"]

1. d4 d5 2. Nf3 e6 3. e3 f5 4. Bd3 Nf6 5. Ne5 Be7 6. O-O O-O 7. b3 c6 8. Bb2
Nbd7 9. f4 Ne4 10. Rf3 Ndf6 11. Bxe4 Nxe4 12. Nd2 Nf6 13. c4 Bd7 14. c5 Be8 15.
Rf2 Bh5 16. Qc2 Kh8 17. h3 Qe8 18. Ndf3 Ne4 19. Rff1 Ng3 20. Rfe1 Bxf3 21. Nxf3
Qh5 22. Kh2 Ne4 23. Rg1 g5 24. g4 Qh6 25. Bc1 Rg8 26. fxg5 Bxg5 27. Ne5 Raf8
28. Qe2 f4 29. Rf1 Ng3 30. Qf3 Nxf1+ 31. Qxf1 fxe3 32. Nf7+ Rxf7 33. Qxf7 Rf8
34. Qh5 Qf6 35. Bb2 Qf2+ 36. Kh1 Qf3+ 37. Kg1 Qg3+ 38. Kh1 e2 39. Rg1 Qf3+ 40.
Rg2 e1=Q+ 41. Kh2 Bf4+ 0-1

[Event "Ïåðâåíñòâî Ìîñêâû ïî øàõìàòàì 2015 ñðåäè"]
[Site "Moscow"]
[Date "2015.11.18"]
[Round "7.16"]
[White "Òåðòû÷íûé, Äìèòðèé."]
[Black "Áóðàêîâ, Àëåêñàíäð."]
[Result "1-0"]
[WhiteElo "1704"]
[BlackElo "1758"]
[PlyCount "109"]
[EventDate "2015.11.12"]

1. e4 e5 2. Nf3 Nc6 3. Bc4 Bc5 4. c3 Nf6 5. d3 h6 6. O-O Bb6 7. Re1 O-O 8. Bb3
d6 9. h3 Be6 10. Bc2 Ne7 11. d4 Ng6 12. Be3 c6 13. Nbd2 Nh7 14. Nf1 Nh4 15. Ng3
Nxf3+ 16. Qxf3 Qf6 17. Qxf6 Nxf6 18. Rad1 Rfe8 19. f4 exf4 20. Bxf4 Rad8 21.
Nf5 Bxf5 22. exf5 d5 23. Re5 Bc7 24. Rxe8+ Nxe8 25. Bxc7 Nxc7 26. Re1 Kf8 27.
Kf2 Re8 28. Rxe8+ Nxe8 29. Kf3 f6 30. Kf4 Nd6 31. g4 Ke7 32. h4 Nf7 33. Bd3 Kd6
34. c4 c5 35. dxc5+ Kxc5 36. cxd5 Ne5 37. Be4 b5 38. g5 hxg5+ 39. hxg5 Nc4 40.
b3 Nb6 41. gxf6 gxf6 42. Kg4 Nxd5 43. Kh5 Kd4 44. Bxd5 Kxd5 45. Kg6 Kc5 46.
Kxf6 Kb4 47. Ke5 Ka3 48. f6 Kxa2 49. f7 Kxb3 50. f8=Q b4 51. Qa8 Kc2 52. Qxa7
b3 53. Qc5+ Kb1 54. Kd4 b2 55. Kc3 1-0

[Event "Ïåðâåíñòâî Ìîñêâû ïî øàõìàòàì 2015 ñðåäè"]
[Site "Moscow"]
[Date "2015.11.18"]
[Round "7.17"]
[White "Ñó÷êîâ, Àëåêñàíäð."]
[Black "Ñìèðíîâ, Àðòåìèé."]
[Result "1/2-1/2"]
[WhiteElo "1873"]
[BlackElo "1529"]
[PlyCount "58"]
[EventDate "2015.11.12"]

1. d4 Nf6 2. c4 g6 3. Nc3 d5 4. cxd5 Nxd5 5. e4 Nxc3 6. bxc3 Bg7 7. Qa4+ Bd7 8.
Qa3 O-O 9. Nf3 Re8 10. Bg5 h6 11. Be3 Qc8 12. Bd3 c5 13. dxc5 Bg4 14. Nd4 Rd8
15. Bb5 Nc6 16. Nxc6 bxc6 17. Ba6 Qc7 18. O-O Rd7 19. Rab1 Rb8 20. Rb4 h5 21.
f3 Be6 22. Rfb1 Rbd8 23. Qa4 Qe5 24. Kh1 Kh7 25. Kg1 Kg8 26. Kh1 Kh7 27. Kg1
Kg8 28. Kh1 Kh7 29. Kg1 Kg8 1/2-1/2

[Event "Ïåðâåíñòâî Ìîñêâû ïî øàõìàòàì 2015 ñðåäè"]
[Site "Moscow"]
[Date "2015.11.18"]
[Round "7.18"]
[White "Ìåòåëåâ, Áîðèñ."]
[Black "Êàäûêîâ, Àëåêñàíäð."]
[Result "1-0"]
[WhiteElo "1756"]
[BlackElo "1612"]
[PlyCount "31"]
[EventDate "2015.11.12"]

1. e4 e5 2. Nf3 Nc6 3. Bb5 a6 4. Ba4 Nf6 5. O-O b5 6. Bb3 d6 7. Ng5 d5 8. exd5
Nxd5 9. Qf3 Be6 10. Nxe6 fxe6 11. Nc3 Nd4 12. Qh5+ g6 13. Qxe5 Nxb3 14. Qxe6+
Qe7 15. Qc6+ Kf7 16. Qxd5+ 1-0

[Event "Ïåðâåíñòâî Ìîñêâû ïî øàõìàòàì 2015 ñðåäè"]
[Site "Moscow"]
[Date "2015.11.18"]
[Round "7.19"]
[White "Ìàçàåâ, Ðîìàí."]
[Black "Êîðíååíêî, Àëåêñåé."]
[Result "1-0"]
[WhiteElo "1726"]
[BlackElo "1557"]
[PlyCount "87"]
[EventDate "2015.11.12"]

1. d4 e6 2. Nf3 d5 3. e3 Nf6 4. Bd3 Be7 5. Nbd2 b6 6. Ne5 Bb7 7. O-O Nfd7 8. f4
Bf6 9. Rf3 Qe7 10. a4 a6 11. b3 Qf8 12. Rg3 c5 13. c4 Nc6 14. Ndf3 Rd8 15. cxd5
exd5 16. Nxc6 Bxc6 17. Qe2 Qe7 18. Ne5 Bxe5 19. fxe5 O-O 20. Qg4 g6 21. h4 f5
22. Bxf5 Kh8 23. Bd3 Rf7 24. Bb2 Kg8 25. h5 Nf8 26. hxg6 hxg6 27. Rf1 Be8 28.
Rgf3 Rxf3 29. Qxf3 Nh7 30. Bxa6 Bd7 31. Qg3 Qg7 32. Bd3 Be8 33. e4 cxd4 34.
exd5 Rxd5 35. Bc4 Bf7 36. Rxf7 Qxf7 37. Qf3 Qxf3 38. gxf3 d3 39. Bxd5+ Kg7 40.
Kf2 Ng5 41. e6+ Kf8 42. Ba3+ Ke8 43. Bc6+ Kd8 44. e7+ 1-0

[Event "Ïåðâåíñòâî Ìîñêâû ïî øàõìàòàì 2015 ñðåäè"]
[Site "Moscow"]
[Date "2015.11.18"]
[Round "7.20"]
[White "Óòðîáèí, Åãîð."]
[Black "Ñåäîâ, Ìàðê."]
[Result "1/2-1/2"]
[WhiteElo "1674"]
[BlackElo "1610"]
[PlyCount "92"]
[EventDate "2015.11.12"]

1. d4 Nf6 2. Nf3 g6 3. Bf4 Bg7 4. e3 O-O 5. Bd3 d6 6. Nbd2 Nbd7 7. c3 Re8 8.
Qc2 e5 9. dxe5 dxe5 10. Bg5 c6 11. Rd1 h6 12. Bxf6 Nxf6 13. O-O Qc7 14. e4 b6
15. c4 c5 16. Nb1 Bg4 17. Be2 a6 18. Nc3 Bxf3 19. Bxf3 Rad8 20. Nd5 Nxd5 21.
Rxd5 Rxd5 22. cxd5 Qd6 23. Rd1 Rc8 24. a4 b5 25. axb5 axb5 26. Ra1 Qb6 27. g3
Bf8 28. Be2 Bd6 29. b3 Kg7 30. Qa2 Rb8 31. Kg2 g5 32. Qd2 Bc7 33. Ra3 Kg8 34.
Qa2 Qd6 35. Ra6 Rb6 36. Ra7 Rb8 37. Bd3 Kg7 38. Be2 Kg8 39. Bg4 Kg7 40. Bh5 Kg8
41. Qe2 Qb6 42. Ra1 Qf6 43. Rc1 Bd6 44. Qa2 Qe7 45. Qa6 Qc7 46. Rc2 Qb6 1/2-1/2

[Event "Ïåðâåíñòâî Ìîñêâû ïî øàõìàòàì 2015 ñðåäè"]
[Site "Moscow"]
[Date "2015.11.18"]
[Round "7.22"]
[White "Áîðèñåíêî, Ñàâåëèé."]
[Black "Ìàõìóäîâ, Äæîðäæ."]
[Result "1-0"]
[WhiteElo "1642"]
[BlackElo "1404"]
[PlyCount "53"]
[EventDate "2015.11.12"]

1. e4 d6 2. d4 Nf6 3. Nc3 g6 4. Nf3 Bg7 5. Bc4 O-O 6. O-O Nbd7 7. Nd5 c6 8.
Nxf6+ Nxf6 9. Re1 Qc7 10. c3 Nd7 11. Bg5 e5 12. dxe5 Nxe5 13. Nxe5 Bxe5 14. Qb3
b5 15. Bd3 Be6 16. Qd1 d5 17. h3 f5 18. exd5 Bxd5 19. Bxb5 Bh2+ 20. Kh1 Bxg2+
21. Kxg2 cxb5 22. Re7 Qd6 23. Qb3+ Kh8 24. Rd1 Qb8 25. Rdd7 Rf7 26. Rxf7 Qg8
27. Bf6+ 1-0

[Event "Ïåðâåíñòâî Ìîñêâû ïî øàõìàòàì 2015 ñðåäè ìàëü÷èêîâ (Ì17)"]
[Site "Moscow"]
[Date "2015.11.19"]
[Round "8.1"]
[White "Ñû÷åâ, Äàíèèë"]
[Black "Ãàëàêòèîíîâ, Àðòåì"]
[Result "0-1"]
[WhiteElo "1955"]
[BlackElo "2206"]
[PlyCount "0"]
[EventDate "2015.11.12"]

1. e4 {[%clk 1:30:58]} e6 {[%clk 1:30:58]} 2. d4 {[%clk 1:31:21]} d5
{[%clk 1:31:26]} 3. exd5 {[%clk 1:31:45]} exd5 {[%clk 1:31:52]} 4. Bd3
{[%clk 1:32:11]} Nc6 {[%clk 1:32:18]} 5. c3 {[%clk 1:32:24]} Bd6 {[%clk 1:32:30]}
6. Nf3 {[%clk 1:32:19]} Bg4 {[%clk 1:31:27]} 7. O-O {[%clk 1:30:54]} Nge7
{[%clk 1:23:08]} 8. Bg5 {[%clk 1:26:37]} Qd7 {[%clk 1:23:06]} 9. Nbd2
{[%clk 1:22:07]} f6 {[%clk 1:21:44]} 10. Bh4 {[%clk 1:18:54]} O-O-O
{[%clk 1:21:34]} 11. Bg3 {[%clk 1:15:35]} Bxg3 {[%clk 1:20:03]} 12. hxg3
{[%clk 1:11:30]} g5 {[%clk 1:18:13]} 13. b4 {[%clk 1:10:38]} h5 {[%clk 1:07:36]}
14. Qc2 {[%clk 1:05:01]} h4 {[%clk 1:05:52]} 15. gxh4 {[%clk 1:00:27]} gxh4
{[%clk 1:03:01]} 16. Nh2 {[%clk 0:57:20]} Rdg8 {[%clk 1:03:06]} 17. Kh1
{[%clk 0:56:01]} Bh5 {[%clk 1:02:47]} 18. Nb3 {[%clk 0:49:57]} Rxg2
{[%clk 1:00:28]} 19. Bf5 {[%clk 0:38:29]} Rxh2+ {[%clk 1:00:49]} 20. Kxh2
{[%clk 0:38:57]} Nxf5 {[%clk 1:01:10]} 21. Qd2 {[%clk 0:35:39]} Qd6+
{[%clk 1:00:02]} 22. f4 {[%clk 0:33:08]} Nce7 {[%clk 0:59:57]} 23. Rae1
{[%clk 0:32:54]} Ng3 {[%clk 0:59:52]} 24. Rg1 {[%clk 0:32:07]} Ng6
{[%clk 0:57:28]} 0-1

[Event "Ïåðâåíñòâî Ìîñêâû ïî øàõìàòàì 2015 ñðåäè ìàëü÷èêîâ (Ì17)"]
[Site "Moscow"]
[Date "2015.11.19"]
[Round "8.2"]
[White "Ñìèðíîâ, Òèìîôåé"]
[Black "Ãðèãîðüåâ, Äìèòðèé"]
[Result "1-0"]
[WhiteElo "2298"]
[BlackElo "2076"]
[PlyCount "0"]
[EventDate "2015.11.12"]

1. e4 {[%clk 1:30:56]} e5 {[%clk 1:28:18]} 2. Nf3 {[%clk 1:31:11]} Nc6
{[%clk 1:28:41]} 3. Bb5 {[%clk 1:31:31]} a6 {[%clk 1:29:07]} 4. Ba4
{[%clk 1:31:57]} Nf6 {[%clk 1:29:32]} 5. O-O {[%clk 1:32:20]} Be7
{[%clk 1:29:53]} 6. d3 {[%clk 1:32:41]} b5 {[%clk 1:29:45]} 7. Bb3
{[%clk 1:33:09]} d6 {[%clk 1:20:58]} 8. a3 {[%clk 1:33:24]} O-O {[%clk 1:21:05]}
9. Nc3 {[%clk 1:33:44]} Be6 {[%clk 1:18:31]} 10. Bg5 {[%clk 1:32:18]} h6
{[%clk 1:09:57]} 11. Bxf6 {[%clk 1:32:02]} Bxf6 {[%clk 1:10:21]} 12. Nd5
{[%clk 1:30:24]} Rb8 {[%clk 1:06:04]} 13. Qd2 {[%clk 1:26:40]} Bxd5
{[%clk 1:03:48]} 14. Bxd5 {[%clk 1:24:41]} Ne7 {[%clk 1:03:51]} 15. Ba2
{[%clk 1:23:55]} d5 {[%clk 0:58:24]} 16. Rfe1 {[%clk 1:14:32]} Qd6
{[%clk 0:55:32]} 17. Qe2 {[%clk 0:51:39]} Rfe8 {[%clk 0:51:20]} 18. Rad1
{[%clk 0:46:02]} Rbd8 {[%clk 0:45:06]} 19. g3 {[%clk 0:33:54]} c5
{[%clk 0:31:43]} 20. exd5 {[%clk 0:19:09]} Nxd5 {[%clk 0:31:43]} 21. Nd2
{[%clk 0:19:31]} Qc6 {[%clk 0:26:02]} 22. Ne4 {[%clk 0:19:03]} Be7
{[%clk 0:13:36]} 23. Qf3 {[%clk 0:17:48]} Qd7 {[%clk 0:01:50]} 24. Nc3
{[%clk 0:15:59]} Nf6 {[%clk 0:02:18]} 25. Rxe5 {[%clk 0:16:18]} Bd6
{[%clk 0:02:28]} 26. Rxe8+ {[%clk 0:15:13]} Rxe8 {[%clk 0:02:55]} 27. Nd5
{[%clk 0:10:28]} Be5 {[%clk 0:01:28]} 28. c3 {[%clk 0:10:24]} Rd8
{[%clk 0:01:26]} 29. Re1 {[%clk 0:10:40]} Nxd5 {[%clk 0:00:42]} 30. Rxe5
{[%clk 0:11:08]} Nf6 {[%clk 0:00:54]} 31. Rxc5 {[%clk 0:10:30]} Qxd3
{[%clk 0:01:00]} 32. Qxd3 {[%clk 0:10:54]} Rxd3 {[%clk 0:01:28]} 33. Rc8+
{[%clk 0:11:23]} 1-0